000 00313nam a2200121Ia 4500
008 191201s2007 xx 000 0 und d
100 _aROY, MK
245 0 _aCOBOL Programming Including MS-COBOL and COBOL-85. Study guide
260 _aN.Delhi
_bTMH
_c2007
300 _a-
650 _aB.Tech(IT)
942 _2ddc
_cBK
999 _c2820
_d2820